000 00468nam a22001937a 4500
005 20250219121209.0
008 220324b1986 xxu||||| |||| 00| 0 spa d
020 _a0877792011
041 _aING
082 _aR 423 W382w
245 _aWebster´s third new international dictionary
260 _aEstados Unidos
260 _bMerriam - Webster
260 _c1986
300 _a2662 páginas
650 _aDICCIONARIOS
650 _aINGLÉS
942 _cREF
_2ddc
999 _c13280
_d13280